| 000 | 00487pab a2200181 454500 | ||
|---|---|---|---|
| 008 | 180718b2004 xxu||||| |||| 00| 0 eng d | ||
| 100 | _aCohen-Blankshtain Galit | ||
| 245 | _aModelling ICT perceptions and views of urban front-liners | ||
| 260 | _c2004 | ||
| 300 | _ap.2647-667. | ||
| 362 | _aDec | ||
| 650 | _aInformation technology | ||
| 650 | _aCommunication technology | ||
| 700 | _aMontfort Kees Van | ||
| 700 | _aNijkamp, Peter | ||
| 773 | _aUrban Studies | ||
| 909 | _a63848 | ||
| 999 |
_c63848 _d63848 |
||